|
|
|
|
| LEADER |
00598cam a2200193 7i4500 |
| 001 |
0000026836 |
| 005 |
20110912090000.0 |
| 020 |
0 |
0 |
|a 9780750683494
|
| 090 |
0 |
0 |
|a B 658.827
|b DIN
|
| 100 |
1 |
0 |
|a Dinnie
|
| 245 |
1 |
0 |
|a Nation branding :
|b concepts, issues, practice.
|
| 260 |
0 |
0 |
|a Amsterdam:
|b Butterworth-Heinemann,
|c 2008.
|
| 300 |
# |
# |
|a 264 p.
|
| 650 |
0 |
0 |
|a International economic relations
|
| 650 |
0 |
0 |
|a Product management
|
| 650 |
0 |
0 |
|a Globalization
|
| 650 |
0 |
0 |
|a Nation branding
|
| 999 |
|
|
|a B000029226
|b Book
|c Book
|e Business Information Centre
|
| 999 |
|
|
|a 0000029226
|b Book
|c Book
|e Business Information Centre
|